| 000 | 00624nam a2200205 a 4500 | ||
|---|---|---|---|
| 003 | PILC | ||
| 005 | 20150805104955.0 | ||
| 008 | 020820s19uu xx 00 eng d | ||
| 020 | _a9780538881821 | ||
| 050 |
_aHD 30.28 _b.H676 2015 |
||
| 100 | _aHitt, Michael A. | ||
| 245 |
_aStrategic management : _bcompetitiveness & globalization / _cMichael A. Hitt. |
||
| 260 |
_aAustralia : _bCengage Learning, _c2015. |
||
| 300 |
_bcolor illustrations ; _c26 cm. _axxvi, 422 pages : |
||
| 500 | _aIncludes index. | ||
| 650 | _aStrategic planning | ||
| 650 | _aIndustrial management | ||
| 942 |
_cBK _2lcc _kFOR |
||
| 999 |
_c288327 _d288327 |
||